Les 15 rappeurs les plus écoutés en France - Statistiques

Statistiques générales
  • Ce quiz a été pris 534 fois
    371 depuis la dernière actualisation
  • Le résultat moyen est 9 sur 15
Statistiques - réponses
Classement Rappeur % Correct
1 Jul
96%
3 Ninho
87%
2 Gims
81%
10 Booba
72%
12 PNL
71%
11 PLK
68%
6 Damso
66%
5 SDM
64%
4 Werenoi
64%
8 Gazo
58%
7 Tiakola
57%
13 Hamza
46%
9 Dadju
24%
15 Alonzo
17%
14 Djadja & Dinaz
9%
Aucun quiz correspondant
Distribution des résultats
% des personnes avec chaque résultat
Percentile par nombre de réponses
Votre historique - résultats
Vous n’avez pas pris ce quiz depuis la dernière actualisation